000 00706cam a22002413a 4500
001 19615
003 PGUSA
005 20140828083421.0
008 061024s2006||||xxu|||||s|||||000 1 eng d
040 _aPGUSA
_beng
042 _adc
050 4 _aPZ
100 1 _aRichmond, Legh,
_d1772-1827
245 1 4 _aThe Dairyman's Daughter
_h[electronic resource] /
_cLegh Richmond
260 _bProject Gutenberg,
_c2006
506 _aPublic domain in the USA.
516 _aElectronic text
653 _aConversion -- Christianity -- Juvenile fiction
653 _aChristian life -- Juvenile fiction
830 0 _aProject Gutenberg
_v19615
856 4 0 _uhttp://www.gutenberg.org/ebooks/19615
942 _cEB
999 _c248870
_d248870